[Event "1st Qinhuangdao Open"]
[Site "Qinhuangdao CHN"]
[Date "2011.10.04"]
[Round "6"]
[White "Negi,P"]
[Black "Zhou Jianchao"]
[Result "0-1"]
[WhiteElo "2631"]
[BlackElo "2628"]

1.e4 e5 2.Nf3 Nc6 3.d4 exd4 4.Nxd4 Nf6 5.Nxc6 bxc6 6.e5 Qe7 7.Qe2 Nd5 8.c4 Ba6
9.Nd2 O-O-O 10.b3 Qg5 11.Qe4 Nb4 12.f4 f5 13.Qf3 Qh6 14.Kd1 Qg5 15.Ke1 Qh6
16.Kd1 Bb7 17.a3 c5 18.Qf2 Nc6 19.Bd3 d6 20.e6 Qxe6 21.Bb2 Qf7 22.Kc2 Be7
23.Rae1 Rhe8 24.Nf3 g6 25.Kb1 Bf6 26.Ng5 Bxg5 27.fxg5 Rxe1+ 28.Rxe1 Re8 29.Bf6 Rxe1+
30.Qxe1 Nd4 31.Qc3 Bxg2 32.Bxd4 cxd4 33.Qxd4 Qe7 34.Qc3 Qf7 35.Qd4 Qe7 36.Qxa7 Qxg5
37.c5 Qd2 38.Qa6+ Bb7 39.Qc4 Qxd3+ 40.Qxd3 Be4 41.Qxe4 fxe4 42.cxd6 cxd6
43.Kc2 d5 44.Kc3 e3 45.a4 d4+ 46.Kd3 Kb7 47.b4 Kb6 48.Ke2 g5  0-1

[Event "1st Qinhuangdao Open"]
[Site "Qinhuangdao CHN"]
[Date "2011.10.05"]
[Round "7"]
[White "Batchuluun,T"]
[Black "Negi,P"]
[Result "0-1"]
[WhiteElo "2435"]
[BlackElo "2631"]

1.d4 d5 2.c4 e6 3.Nf3 Nf6 4.g3 a6 5.Bg2 dxc4 6.O-O Nc6 7.Nc3 Rb8 8.e4 Be7
9.Qe2 b5 10.Rd1 Nb4 11.Ne5 Nd7 12.b3 Nxe5 13.dxe5 Nd3 14.Be3 O-O 15.Rab1 Bd7
16.bxc4 bxc4 17.f4 Bb4 18.Qc2 Qe7 19.Bf1 Bc6 20.Bxd3 cxd3 21.Qxd3 Ba8 22.Qc4 Rfc8
23.Na4 a5 24.Nc5 Bxc5 25.Bxc5 Rxb1 26.Rxb1 Qd7 27.Be3 h5 28.Kf2 Kh7 29.h3 Rd8
30.Kf3 Qe7 31.Bc5 Qe8 32.Be3 Rd7 33.Qb5 c5 34.Bxc5 Qc8 35.g4 Rb7 36.Bb6 Qc3+
37.Ke2 Qxh3 38.gxh5 Qg2+ 39.Ke3 Rb8 40.Qd3 Rxb6  0-1

[Event "1st Qinhuangdao Open"]
[Site "Qinhuangdao CHN"]
[Date "2011.10.06"]
[Round "8"]
[White "Negi,P"]
[Black "Nguyen Ngoc Truong Son"]
[Result "1/2-1/2"]
[WhiteElo "2631"]
[BlackElo "2644"]

1.e4 e6 2.d4 d5 3.Nc3 Nc6 4.Nf3 Nf6 5.Bd3 Nb4 6.Bg5 dxe4 7.Nxe4 Be7 8.O-O Nxd3
9.Qxd3 Nxe4 10.Bxe7 Qxe7 11.Qxe4 O-O 12.Rfe1 f6 13.Re3 Rb8 14.Ne1 b6 15.Nd3 Bb7
16.Qg4 Qf7 17.Rae1 Rbd8 18.f3 Ba6 19.Nb4 Bc8 20.Qe4 Rd6 21.Nd3 Rfd8 22.c3 Qg6
23.Qxg6 hxg6 24.Nf2 Rd5 25.Ne4 g5 26.Kf2 Kf7 27.a3 Ba6 28.Ng3 R5d6 29.Ne4 Rd5
30.Ng3 Bc8 31.Ne4 a5 32.b4 Bd7 33.Ng3 Ra8 34.Ne2 Bb5 35.Nc1 Rd6 36.Kg3 Bc4
37.h4 gxh4+ 38.Kxh4 axb4 39.axb4 Ra3 40.f4 Rd7 41.g4 c5 42.bxc5 bxc5 43.dxc5 Ra5
44.Ne2 Rxc5 45.Nd4 Rdc7 46.Nxe6 Bxe6 47.Rxe6 Rxc3  1/2-1/2

[Event "49th ch-IND NatA"]
[Site "Aurangabad IND"]
[Date "2011.10.09"]
[Round "1"]
[White "Negi,P"]
[Black "Sriram,J"]
[Result "1-0"]
[WhiteElo "2631"]
[BlackElo "2410"]

1.e4 e5 2.Nf3 Nc6 3.d4 exd4 4.Nxd4 Nf6 5.Nxc6 bxc6 6.e5 Qe7 7.Qe2 Nd5 8.c4 Nb6
9.Nc3 Bb7 10.Bd2 g6 11.h4 Bg7 12.O-O-O O-O 13.h5 Qxe5 14.Qg4 d5 15.hxg6 hxg6
16.c5 Nc4 17.Bxc4 dxc4 18.Rde1 Qd4 19.Qh3 Rfe8 20.Qh7+ Kf8 21.Bh6 Rxe1+ 22.Rxe1 Bxh6+
23.Qxh6+ Kg8 24.Ne4 Rd8 25.g4 Bc8 26.g5 Qg7 27.Nf6+ Kf8 28.Qh2  1-0

[Event "49th ch-IND NatA"]
[Site "Aurangabad IND"]
[Date "2011.10.10"]
[Round "2"]
[White "Neelotpal,D"]
[Black "Negi,P"]
[Result "1/2-1/2"]
[WhiteElo "2458"]
[BlackElo "2631"]

1.d4 d5 2.c4 c6 3.Nc3 Nf6 4.Nf3 e6 5.cxd5 exd5 6.Qc2 Be7 7.Bg5 g6 8.e4 dxe4
9.Bxf6 Bxf6 10.Qxe4+ Kf8 11.Bc4 Kg7 12.O-O Re8 13.Qf4 Be6 14.Bxe6 Rxe6 15.Rfe1 Qd6
16.Qxd6 Rxd6 17.Ne4 Rd8 18.Nxf6 Kxf6 19.g4 Nd7 20.g5+ Kg7 21.Rad1 Re8 22.d5 Rxe1+
23.Nxe1 c5 24.f3 Re8 25.Kf2 f6 26.h4 Kf7 27.Ng2 b6 28.Ne3 h5 29.Nc4 Kf8 30.Nd6 Rd8
31.Nb5 fxg5 32.hxg5 c4 33.b3 cxb3 34.axb3 a5 35.Nd4 Nc5 36.Nc6 Re8 37.b4 axb4
38.Nxb4 Re5 39.d6 Ke8 40.Nd5 Rxg5 41.Nxb6  1/2-1/2

[Event "49th ch-IND NatA"]
[Site "Aurangabad IND"]
[Date "2011.10.11"]
[Round "3"]
[White "Negi,P"]
[Black "Ashwin,J"]
[Result "0-1"]
[WhiteElo "2631"]
[BlackElo "2473"]

1.e4 c5 2.Nf3 d6 3.d4 cxd4 4.Nxd4 Nf6 5.Nc3 Nc6 6.Bg5 e6 7.Qd2 a6 8.O-O-O Bd7
9.f4 Be7 10.Nf3 b5 11.Bxf6 gxf6 12.Kb1 Qb6 13.f5 O-O-O 14.g3 Kb8 15.fxe6 fxe6
16.Bh3 Bc8 17.Qe1 Rhe8 18.Rf1 Bf8 19.Ne2 Bg7 20.Nf4 Re7 21.Rf2 Bh6 22.Re2 b4
23.c3 a5 24.cxb4 Nxb4 25.Nd4 e5 26.Bxc8 exd4 27.Bf5 Bxf4 28.gxf4 d3 29.Qf2 Qb5
30.Red2 Rb7 31.Qd4 Nc2 32.Qc3 Ne3 33.Qxf6 Nxd1 34.Qxd8+ Ka7 35.Qxd6 Qc4 36.Be6 Nxb2
37.Bd5 Qd4 38.Qc6 Qg1+ 39.Qc1 Nc4+ 40.Bxb7 Nxd2+ 41.Kb2 Qd4+ 42.Qc3 Nc4+
43.Kb3 Qxc3+ 44.Kxc3 d2 45.Kc2 Kxb7 46.e5 Kc6 47.f5 Kd5 48.e6 Kd6 49.a4 h5
50.Kd1 h4 51.Ke2 Nb2 52.Kxd2 Nxa4 53.Kd3 Nb6  0-1

[Event "49th ch-IND NatA"]
[Site "Aurangabad IND"]
[Date "2011.10.12"]
[Round "4"]
[White "Shyam,N"]
[Black "Negi,P"]
[Result "1/2-1/2"]
[WhiteElo "2418"]
[BlackElo "2631"]

1.c4 e6 2.Nf3 Nf6 3.d4 d5 4.Bg5 h6 5.Bh4 dxc4 6.Qa4+ c6 7.Qxc4 b5 8.Qd3 a6
9.e4 c5 10.dxc5 g5 11.Bg3 Bxc5 12.Qxd8+ Kxd8 13.Nbd2 Bb7 14.Rc1 Nbd7 15.Ne5 Ke7
16.Nxd7 Nxd7 17.Bd3 Rac8 18.Nb3 Bd4 19.Rb1 Ne5 20.Bxe5 Bxe5 21.Ke2 h5 22.h3 f5
23.Nd2 Rhd8 24.exf5 Bxg2 25.Rhg1 Bxh3 26.Rxg5 Bf4 27.Rg7+ Kf8 28.Rbg1 Bg4+
29.R7xg4 hxg4 30.Nb3 exf5 31.Bxf5 Rc7 32.Rxg4 Be5 33.Rg6 Rf7 34.Be4 Rf6 35.Rxf6+ Bxf6
36.Nc5 Rd6 37.b3 Bd4 38.Nd3 Re6 39.Kf3 Ke7 40.a4 Rb6 41.Nb4 Kd6 42.a5 Rb8
43.Nxa6 Rf8+ 44.Ke2 Rxf2+ 45.Kd3 Be5 46.b4 Ra2 47.Ke3 Bh2 48.Bd3 Kc6 49.Be4+ Kd6
50.Bd3 Bg1+ 51.Kf3 Kc6 52.Be4+ Kd6 53.Bd3 Rf2+ 54.Kg3 Kc6 55.Be4+ Kd6 56.Bd3 Rb2
57.Bxb5 Bf2+ 58.Kf3 Be1 59.Be2 Ke5 60.Nc5 Kd4 61.a6 Ra2  1/2-1/2

[Event "49th ch-IND NatA"]
[Site "Aurangabad IND"]
[Date "2011.10.13"]
[Round "5"]
[White "Negi,P"]
[Black "Padmini,R"]
[Result "0-1"]
[WhiteElo "2631"]
[BlackElo "2356"]

1.e4 c5 2.Nf3 d6 3.d4 cxd4 4.Qxd4 Nc6 5.Bb5 Bd7 6.Bxc6 Bxc6 7.Nc3 Nf6 8.Bg5 e6
9.Qd3 Be7 10.Nd4 a6 11.O-O-O Rc8 12.f4 Qc7 13.Kb1 O-O 14.h4 Rfd8 15.f5 Bd7
16.fxe6 fxe6 17.Nf3 Be8 18.Nd4 Bf7 19.Qh3 Qb6 20.Ka1 Qa5 21.Bd2 Qe5 22.Nf3 Qh5
23.Bg5 Re8 24.e5 dxe5 25.Nxe5 h6 26.Qe3 Ng4 27.Nxg4 Qxg4 28.Bxe7 Rxe7 29.Rd4 Qf5
30.Ne4 Rxc2 31.a3 Qb5 32.Rb4 Qe2 33.Qd4 Rec7 34.Qe5 R7c5 35.Qb8+ Rc8 36.Qg3 Rc1+
37.Rxc1 Rxc1+ 38.Ka2 e5+  0-1

[Event "49th ch-IND NatA"]
[Site "Aurangabad IND"]
[Date "2011.10.14"]
[Round "6"]
[White "Negi,P"]
[Black "Sundararajan,K"]
[Result "1/2-1/2"]
[WhiteElo "2631"]
[BlackElo "2474"]

1.e4 e6 2.d4 d5 3.Nc3 Bb4 4.e5 Ne7 5.a3 Bxc3+ 6.bxc3 c5 7.Qg4 Nf5 8.h4 Nc6
9.Bd3 h5 10.Qf4 Nce7 11.Bxf5 Nxf5 12.dxc5 Qc7 13.Ne2 Qxc5 14.O-O Qc4 15.Nd4 Qxc3
16.Nxf5 exf5 17.Qg5 Qxe5 18.Bd2 Qf6 19.Qe3+ Be6 20.Bb4 d4 21.Qf4 O-O-O 22.Rfe1 Qh6
23.Qf3 Qf6 24.Qf4 Qh6 25.Qf3 Qf6 26.c4 f4 27.Rab1 Rd7 28.Bc5 Bg4 29.Qb3 d3
30.f3 d2 31.Red1 Bf5 32.Rb2 Re8 33.Bf2 Re2 34.Qb4 Rxf2 35.Qc5+ Kb8 36.Kxf2 Qxb2
37.Qf8+ Kc7 38.Qc5+  1/2-1/2

[Event "49th ch-IND NatA"]
[Site "Aurangabad IND"]
[Date "2011.10.15"]
[Round "7"]
[White "Sangma,R"]
[Black "Negi,P"]
[Result "0-1"]
[WhiteElo "2385"]
[BlackElo "2631"]

1.e4 c5 2.Nf3 d6 3.d4 Nf6 4.Nc3 cxd4 5.Nxd4 a6 6.Be3 e6 7.f3 b5 8.Qd2 Nbd7
9.g4 b4 10.Na4 h6 11.O-O-O Ne5 12.b3 Bd7 13.Nb2 Qa5 14.a4 d5 15.exd5 Nxd5
16.Nc4 Qc7 17.f4 Nxg4 18.Bg2 Rc8 19.f5 Ngxe3 20.Nxe3 Nxe3 21.fxe6 fxe6 22.Qxe3 Be7
23.Qe4 O-O 24.Nxe6 Qc3 25.Nxf8 Bg5+ 26.Kb1 Bf6 27.Kc1 Qb2+ 28.Kd2 Rxc2+ 29.Qxc2 Bg5+
30.Kd3 Bf5+ 31.Be4 Bxe4+ 32.Kxe4 Qxc2+ 33.Ke5 Kxf8 34.Rb1 Ke7 35.h4 Bxh4  0-1

[Event "49th ch-IND NatA"]
[Site "Aurangabad IND"]
[Date "2011.10.16"]
[Round "8"]
[White "Satyapragyan,S"]
[Black "Negi,P"]
[Result "0-1"]
[WhiteElo "2415"]
[BlackElo "2631"]

1.e4 c5 2.Nf3 d6 3.d4 cxd4 4.Nxd4 Nf6 5.Nc3 a6 6.Be2 e6 7.O-O Be7 8.f4 O-O
9.Kh1 Nc6 10.Be3 Bd7 11.a4 Nxd4 12.Qxd4 Bc6 13.a5 Rc8 14.Bf3 Re8 15.Qd2 Qc7
16.Qf2 d5 17.exd5 exd5 18.Bd4 Ne4 19.Bxe4 dxe4 20.Qg3 f6 21.Nd1 Bb5 22.Rf2 Bc5
23.Bxc5 Qxc5 24.Ne3 Rcd8 25.f5 Qb4 26.c3 Qc5 27.Qf4 Rd3 28.Re1 Bc6 29.g4 h6
30.h4 Qxa5 31.g5 Qe5 32.Qxe5 Rxe5 33.gxf6 gxf6 34.Kh2 h5 35.Kg3 Re7 36.Kf4 Rg7
37.Ree2 b5 38.Rg2 Rxg2 39.Rxg2+ Kf7 40.Rg1 Rd2 41.Rg2 Rd3 42.Rg1 a5 43.Rg2 a4
44.Rf2 Ke7 45.Rg2 Kd6 46.Rg6 Rd2 47.Rxf6+ Kc5 48.Re6 Rxb2 49.f6 Rf2+ 50.Ke5 Bd7
51.Re7 Kc6 52.f7 a3 53.Nc2 a2 54.Nb4+ Kc7 55.Nxa2 Kd8 56.f8=Q+ Rxf8 57.Rg7 e3
58.Nc1 e2 59.Nxe2 Re8+ 60.Kd6 Re6+ 61.Kc5 Rxe2 62.Rg5 Bg4 63.Kxb5 Rh2 64.c4 Rxh4
65.c5 Rh1 66.Rg7 Bd7+ 67.Kc4 h4 68.Kd5 h3  0-1

[Event "49th ch-IND NatA"]
[Site "Aurangabad IND"]
[Date "2011.10.18"]
[Round "10"]
[White "G.,A"]
[Black "Negi,P"]
[Result "1/2-1/2"]
[WhiteElo "2239"]
[BlackElo "2631"]

1.e4 c5 2.Nf3 d6 3.d4 cxd4 4.Nxd4 Nf6 5.Nc3 a6 6.g3 e5 7.Nde2 Nbd7 8.a4 b6
9.Nd5 Bb7 10.Nec3 Rc8 11.Bg5 Be7 12.Bxf6 Bxf6 13.Bh3 Rc6 14.Bxd7+ Qxd7 15.Nxf6+ gxf6
16.Nd5 Kf8 17.Ne3 Rg8 18.Qh5 Kg7 19.O-O Kh8 20.c4 Rcc8 21.Qf3 Rg6 22.Rad1 b5
23.axb5 axb5 24.b3 bxc4 25.Nxc4 Rc6 26.Rd2 Ba6 27.Rfd1 Bxc4 28.bxc4 Qe6 29.Rd5 Kg7
30.Kg2 Rxc4 31.Rxd6 Qg4 32.Qxg4 Rxg4 33.f3 Rg6 34.R1d2 h5 35.Rd7 f5 36.exf5 Rf6
37.R7d5 Rxf5 38.f4 f6 39.Re2 h4 40.fxe5 Rxe5 41.Rexe5 fxe5 42.Rxe5 hxg3 43.hxg3  1/2-1/2

[Event "49th ch-IND NatA"]
[Site "Aurangabad IND"]
[Date "2011.10.19"]
[Round "11"]
[White "Gopal,G"]
[Black "Negi,P"]
[Result "1/2-1/2"]
[WhiteElo "2572"]
[BlackElo "2631"]

1.e4 c5 2.Nf3 d6 3.d4 cxd4 4.Nxd4 Nf6 5.Nc3 a6 6.g3 e6 7.Bg2 Be7 8.O-O Qc7
9.a4 Nc6 10.Nxc6 bxc6 11.a5 Bb7 12.Bf4 O-O 13.Re1 Nd7 14.Qd2 Rfd8 15.Red1 Ne5
16.Na4 c5 17.Nb6 Rab8 18.c3 Ng6 19.Be3 Ne5 20.Bf4 Ng6 21.Bg5 Bxg5 22.Qxg5 Ne5
23.b4 cxb4 24.cxb4 Qc3 25.Qe3 Qxb4 26.Qe2 Bc6 27.Rdb1 Bb5 28.Qd1 Qc3 29.Rc1 Qd3
30.Rc7 Qxd1+ 31.Rxd1 Nc6 32.Nc4 Rbc8 33.Rxc8 Rxc8 34.Nxd6 Rd8 35.f4 Nxa5
36.Rc1 Nb3 37.Rc7 f6 38.e5 Nd4 39.Bh3 fxe5 40.fxe5 Nf3+ 41.Kg2 Nxe5 42.Bxe6+ Kf8
43.Nxb5 axb5 44.Rc5 Rd2+ 45.Kh3 Nf3 46.Rxb5 Ke7 47.Bd5 Rxh2+ 48.Kg4 Ne5+
49.Kf4 Kd6 50.Bf3 Nd3+ 51.Ke3 Nc5 52.Rb8 Ra2 53.Rd8+ Ke7 54.Rd5 Ra3+ 55.Kf2 Rc3
56.Ke2 Ne6 57.Kf2 g6 58.Ra5 Kf6 59.Ra7 h5 60.Ra6 Rc5 61.Be4 g5 62.Ra8 Rc4
63.Bd3 Rc3 64.Be2 g4 65.Ra6 Ke5 66.Ra5+ Nc5 67.Bd3 Kd4 68.Bg6 Rb3 69.Kg2 Rb2+
70.Kg1 Rb3 71.Kg2 Rb2+ 72.Kg1  1/2-1/2

[Event "15th OIBM"]
[Site "Bad Wiessee GER"]
[Date "2011.10.29"]
[Round "1.3"]
[White "Negi,P"]
[Black "Brueckel,G"]
[Result "1-0"]
[WhiteElo "2631"]
[BlackElo "2004"]

1.e4 e6 2.d4 d5 3.Nc3 Bb4 4.e5 c5 5.a3 Bxc3+ 6.bxc3 Qc7 7.Qg4 f5 8.Qg3 Nc6
9.Ne2 cxd4 10.cxd4 Qf7 11.c3 Nge7 12.h4 Na5 13.Rb1 Bd7 14.Nf4 a6 15.a4 Bxa4
16.Ra1 b5 17.Ba3 Rc8 18.Be2 Nc4 19.Bd6 Kd7 20.Nd3 f4 21.Qf3 Nxd6 22.exd6 Kxd6
23.Ne5 Qf6 24.c4 Nc6 25.Qa3+ b4 26.c5+ Ke7 27.Qxa4 Nxe5 28.Qxa6 Rhd8 29.dxe5 Qxe5
30.O-O Rxc5 31.Qb7+ Rc7 32.Qxb4+ Qd6 33.Qb2 Kf7 34.Ra6 Qe7 35.Qe5 Rdc8 36.Qxf4+ Qf6
37.Qd6 Re7 38.Bg4 Rc4 39.f3 Qd4+ 40.Kh1 Qf6 41.Qg3 Qc3 42.Kh2 Qd3 43.Rfa1 Qd4
44.Re1 g6 45.Rexe6 Rec7 46.Qd6 Rc1 47.Rf6+ Kg7 48.Qf8+  1-0

[Event "15th OIBM"]
[Site "Bad Wiessee GER"]
[Date "2011.10.30"]
[Round "2.3"]
[White "Kassani,Sam"]
[Black "Negi,P"]
[Result "0-1"]
[WhiteElo "1998"]
[BlackElo "2631"]

1.e4 c5 2.Nf3 d6 3.d4 cxd4 4.Nxd4 Nf6 5.Nc3 a6 6.Bg5 e6 7.f4 Qb6 8.Qd2 Nc6
9.Bxf6 gxf6 10.Nb3 Bd7 11.Be2 h5 12.h4 Na5 13.O-O-O Nxb3+ 14.cxb3 O-O-O 15.Kb1 Kb8
16.Bf3 Bc6 17.Qe2 Qa5 18.Rhe1 f5 19.b4 Qxb4 20.exf5 Bg7 21.Rc1 d5 22.fxe6 d4
23.e7 dxc3 24.exd8=Q+ Rxd8 25.Red1 Re8 26.Qf2 Ba4 27.a3 Qxb2+ 28.Qxb2 cxb2
29.Rc2 Bxc2+ 30.Kxc2 Rc8+ 31.Kb1 Rc3 32.Bxh5 Rxa3 33.Bf3 Ra1+ 34.Kc2 a5 35.h5 a4
36.h6 Bh8 37.Be4 a3 38.Rb1 a2  0-1

[Event "15th OIBM"]
[Site "Bad Wiessee GER"]
[Date "2011.10.31"]
[Round "3.3"]
[White "Negi,P"]
[Black "Srienz,C"]
[Result "1-0"]
[WhiteElo "2631"]
[BlackElo "2246"]

1.e4 e5 2.Nf3 Nc6 3.Bb5 a6 4.Ba4 Nf6 5.O-O Be7 6.Re1 b5 7.Bb3 d6 8.c3 O-O
9.d4 Bg4 10.d5 Na5 11.Bc2 c6 12.h3 Bc8 13.dxc6 Qc7 14.Nbd2 Qxc6 15.a4 Be6
16.Ng5 Bd7 17.Nf1 Nc4 18.b3 Nb6 19.a5 Nc8 20.Qd3 h6 21.Nf3 Bd8 22.Ne3 Ne7
23.Ba3 Nc8 24.Bb4 Be6 25.Nxe5 Qb7 26.N5g4 Bxg4 27.Nxg4  1-0

[Event "15th OIBM"]
[Site "Bad Wiessee GER"]
[Date "2011.11.01"]
[Round "4.3"]
[White "Naumann,Al"]
[Black "Negi,P"]
[Result "1/2-1/2"]
[WhiteElo "2546"]
[BlackElo "2631"]

1.d4 d5 2.c4 c6 3.Nf3 Nf6 4.Nc3 e6 5.Bg5 h6 6.Bxf6 Qxf6 7.e3 g6 8.Bd3 Bg7
9.O-O O-O 10.Re1 Rd8 11.Qe2 Qe7 12.Rad1 Nd7 13.e4 dxc4 14.Bxc4 b5 15.Bd3 Bb7
16.e5 c5 17.Bxb5 cxd4 18.Rxd4 Bxf3 19.Qxf3 Nxe5 20.Rxd8+ Rxd8 21.Qe2 Qb7
22.Rd1 Rxd1+ 23.Nxd1 g5 24.b3 Ng6 25.Qc4 Ne5 26.Qe2 Qc7 27.Ne3 Qc3 28.Qc2 Qa1+
29.Bf1 Ng6 30.Qc8+ Nf8  1/2-1/2

[Event "15th OIBM"]
[Site "Bad Wiessee GER"]
[Date "2011.11.03"]
[Round "6.4"]
[White "Swiercz,D"]
[Black "Negi,P"]
[Result "1/2-1/2"]
[WhiteElo "2585"]
[BlackElo "2631"]

1.e4 c5 2.Nf3 d6 3.d4 cxd4 4.Nxd4 Nf6 5.Nc3 a6 6.Be2 e6 7.O-O Be7 8.f4 O-O
9.Kh1 Qc7 10.Qe1 Nc6 11.Be3 Nxd4 12.Bxd4 b5 13.Qg3 Bb7 14.a3 Rad8 15.Rad1 Ne8
16.Qe3 Qb8 17.Bf3 e5 18.Bb6 Nc7 19.Bh5 exf4 20.Qxf4 Bf6 21.Rxd6 Ne6 22.Rxd8 Qxf4
23.Rxf8+ Kxf8 24.Rxf4 Nxf4 25.Bf3 Bxc3 26.bxc3 Ng6 27.c4 bxc4 28.Be2 c3 29.Bc5+ Ne7
30.Bd3 f6 31.Bb4 Ke8 32.Bxc3 Ng6 33.g3 Ne5 34.Kg1 Nxd3 35.cxd3 Ke7 36.Kf2 Bc8
37.Ke3 Bh3 38.a4 Ke6 39.a5 h5 40.d4 Bg2 41.d5+ Kf7 42.Kd4 Bh1 43.Bd2 Bg2
44.Bb4 Ke8 45.Bd6 Kf7 46.Bc5 Ke8 47.h4 Bh1 48.Bd6 Bg2 49.Bf4 Bh1 50.Bc1 Bg2
51.Bb2 Bh1 52.Ba1 Bg2 53.Ke3 Kf7 54.Bc3 Bh1 55.Kd4 Ke8 56.Bb4 Bg2 57.Bc5 Bh1
58.Bb6 Bg2 59.Ba7 Bh1 60.Bb8 Bg2 61.Bf4 Bh1 62.Bc1 Bg2 63.Bb2 Bh1 64.Ke3 Kf7
65.Kf4 Bg2 66.Bd4 Bh3 67.Bc5 Bg4 68.Ke3 Bh3 69.Kf4 Bg4 70.e5 fxe5+ 71.Kxe5 g6
72.Kd6 Bf3 73.Be3 Ke8 74.Bg5 Bg2 75.Kc6 Bf3 76.Kb6 Bxd5 77.Kxa6 Kd7 78.Ka7 Kc8
79.Kb6 Kb8 80.a6  1/2-1/2

[Event "15th OIBM"]
[Site "Bad Wiessee GER"]
[Date "2011.11.04"]
[Round "7.5"]
[White "Negi,P"]
[Black "Rivas Pastor,M"]
[Result "1-0"]
[WhiteElo "2631"]
[BlackElo "2559"]

1.e4 e5 2.Nf3 Nc6 3.Bb5 Nf6 4.O-O d6 5.Re1 Bd7 6.c3 Be7 7.d4 O-O 8.Ba4 h6
9.Nbd2 Re8 10.Nf1 Bf8 11.Ng3 a5 12.a3 Rb8 13.h3 b5 14.Bc2 a4 15.Nh2 Na5 16.f4 Nc4
17.Rb1 c5 18.dxe5 dxe5 19.f5 b4 20.Ng4 b3 21.Nxf6+ Qxf6 22.Bd3 Bb5 23.Bf1 Qh4
24.Qf3 Red8 25.Be3 Nxe3 26.Qxe3 Bxf1 27.Nxf1 c4 28.Red1 Rbc8 29.Kh2 Bc5 30.Rxd8+ Qxd8
31.Qe2 Ba7 32.Rd1 Qb6  1-0

[Event "15th OIBM"]
[Site "Bad Wiessee GER"]
[Date "2011.11.05"]
[Round "8.3"]
[White "Nyzhnyk,I"]
[Black "Negi,P"]
[Result "1/2-1/2"]
[WhiteElo "2561"]
[BlackElo "2631"]

1.d4 d5 2.c4 c6 3.Nf3 Nf6 4.Nc3 e6 5.g3 dxc4 6.Bg2 b5 7.Ne5 a6 8.a4 Bb7 9.O-O Be7
10.axb5 axb5 11.Rxa8 Bxa8 12.Bf4 Nd5 13.Qa1 Bb7 14.Qa7 Qc8 15.Nxc4 Nxf4 16.Nb6 Nxe2+
17.Nxe2 Qc7 18.Na8 Qc8 19.Nb6 Qc7 20.Na8  1/2-1/2

[Event "TCh-ESP CECLUB Div Honor 2011"]
[Site "Melilla ESP"]
[Date "2011.11.21"]
[Round "1"]
[White "Jobava,Ba"]
[Black "Negi,P"]
[Result "1/2-1/2"]
[WhiteElo "2678"]
[BlackElo "2617"]

1.e4 c5 2.Ne2 d6 3.Nbc3 Nc6 4.d4 cxd4 5.Nxd4 g6 6.Nd5 e6 7.Nc3 Nf6 8.Bb5 Bd7
9.O-O Bg7 10.Nb3 a6 11.Be2 Qc7 12.Bg5 O-O 13.Qd2 b5 14.a3 Rfc8 15.Rad1 Ne8
16.Bh6 Bxc3 17.Qxc3 Ne5 18.Qg3 Qxc2 19.f4 Nc4 20.Nd4 Qxe4 21.Qh4 Nxb2 22.Qe7 Ng7
23.Qf6 Ne8 24.Qe7 Ng7 25.Qf6 Ne8  1/2-1/2

[Event "TCh-ESP CECLUB Div Honor 2011"]
[Site "Melilla ESP"]
[Date "2011.11.22"]
[Round "2"]
[White "Negi,P"]
[Black "Svetushkin,D"]
[Result "1-0"]
[WhiteElo "2617"]
[BlackElo "2621"]

1.e4 c6 2.d4 d5 3.Nd2 dxe4 4.Nxe4 Bf5 5.Ng3 Bg6 6.h4 h6 7.Nf3 Nd7 8.h5 Bh7
9.Bd3 Bxd3 10.Qxd3 e6 11.Bf4 Qa5+ 12.Bd2 Qc7 13.O-O-O Ngf6 14.Ne4 O-O-O 15.g3 Be7
16.Kb1 c5 17.Bf4 Qc6 18.Nc3 c4 19.Qe3 Nd5 20.Nxd5 Qxd5 21.Qe2 Rhe8 22.Nd2 b5
23.Ne4 Qc6 24.Nd2 Kb7 25.Rhe1 Nb6 26.Nf3 Qd5 27.Ne5 Rf8 28.c3 a5 29.Rc1 Rc8
30.Qg4 Bf6 31.Nf3 Rg8 32.Ka1 Ka6 33.Ne5 Rgf8 34.Nf3 Rg8 35.Ne5 Rgf8 36.Nf3 b4
37.Be5 Qb5 38.Qf4 Nd5 39.Qd2 Rh8 40.Qe2 Rhg8 41.Bxf6 gxf6 42.Nd2 bxc3 43.bxc3 f5
44.Nf3 Rg4 45.Qc2 Rgg8 46.Rb1 Qe8 47.Rb2 f6 48.Reb1 Rg7 49.Nd2 Qc6 50.a4 Qd6
51.Ka2 Rg5 52.Rb5 Rxh5 53.Qb2 Qc6 54.Ka1 Nb4 55.cxb4 c3 56.Qc2 cxd2 57.Rc5  1-0

[Event "TCh-ESP CECLUB Div Honor 2011"]
[Site "Melilla ESP"]
[Date "2011.11.23"]
[Round "3"]
[White "Aleksandrov,A"]
[Black "Negi,P"]
[Result "0-1"]
[WhiteElo "2626"]
[BlackElo "2617"]

1.d4 d5 2.c4 e6 3.Nc3 Be7 4.cxd5 exd5 5.Bf4 c6 6.Qc2 Nf6 7.e3 Nh5 8.Be5 Nd7
9.Be2 Nxe5 10.dxe5 g6 11.Bxh5 gxh5 12.Nge2 f6 13.exf6 Bxf6 14.Rd1 Qe7 15.e4 d4
16.Nxd4 Qg7 17.Nde2 Qxg2 18.Rg1 Qxh2 19.Qb3 Rf8 20.f4 Bg4 21.Rxg4 hxg4 22.Qe6+ Be7
23.Rd7 Qh4+ 24.Kf1 Rf7 25.Rxb7 Kf8 26.Qxc6 Rd8 27.e5 Rd3 28.Qc8+ Kg7 29.Kg2 Rf3  0-1

[Event "TCh-ESP CECLUB Div Honor 2011"]
[Site "Melilla ESP"]
[Date "2011.11.24"]
[Round "5"]
[White "Negi,P"]
[Black "Giri,A"]
[Result "1-0"]
[WhiteElo "2617"]
[BlackElo "2714"]

1.e4 e6 2.d4 d5 3.Nc3 Bb4 4.Ne2 dxe4 5.a3 Be7 6.Nxe4 Nf6 7.Nxf6+ Bxf6 8.Be3 O-O
9.Qd2 b6 10.O-O-O Bb7 11.Nf4 Nd7 12.d5 e5 13.Nh5 Be7 14.f4 exf4 15.Bxf4 Bd6
16.Bh6 gxh6 17.Qxh6 Be5 18.Bb5 Kh8 19.Rhe1 Rg8 20.Bxd7 Qg5+ 21.Qxg5 Rxg5
22.g4 Bxh2 23.Bf5 Bd6 24.Nf6 Rg7 25.Rh1 Be5 26.Nxh7 Kg8 27.Rde1 Bxd5 28.Rh5 f6
29.Rxe5 fxe5 30.Nf6+ Kf7 31.Nxd5 c6 32.Nb4 c5 33.Nc6 Kf6 34.Rh6+ Kg5 35.Re6  1-0

[Event "TCh-ESP CECLUB Div Honor 2011"]
[Site "Melilla ESP"]
[Date "2011.11.26"]
[Round "7"]
[White "Negi,P"]
[Black "Krasenkow,M"]
[Result "0-1"]
[WhiteElo "2617"]
[BlackElo "2608"]

1.e4 c5 2.Nf3 Nc6 3.Nc3 e5 4.Bc4 Be7 5.d3 Nf6 6.Ng5 O-O 7.f4 d5 8.exd5 Bg4
9.Qd2 Nd4 10.h3 Bh5 11.fxe5 Nd7 12.O-O Nxe5 13.Nge4 Kh8 14.d6 Bxd6 15.Nxd6 Qxd6
16.Bd5 Rae8 17.Bxb7 f5 18.Qf2 Be2 19.Re1 Nxc2 20.Rxe2 Nxa1 21.Bf4 g5 22.Nb5 Qb8
23.Bxg5 Qxb7 24.Nd6 Nf3+ 25.gxf3 Rxe2 26.Nxb7 Rxf2 27.Kxf2 Rc8 28.Nd6 Rc6
29.Nxf5 Rb6 30.Kg3 Kg8 31.Bc1 Nc2 32.Kf2 Nb4 33.Be3 Nxd3+ 34.Ke2 Nxb2 35.Bxc5 Rb5
36.Nh6+ Kg7 37.Nf5+ Kg6 38.Nh4+ Kh5 39.Bf2 Ra5 40.Bg3 Rxa2 41.Ke3 Nd1+ 42.Kd3 Nf2+
43.Kd4  0-1

[Event "TCh-BEL 2011-12"]
[Site "Belgium BEL"]
[Date "2011.12.04"]
[Round "5.1"]
[White "Negi,P"]
[Black "Sokolov,Ivan"]
[Result "0-1"]
[WhiteElo "2631"]
[BlackElo "2673"]

1.e4 e5 2.Nf3 Nc6 3.Bb5 a6 4.Ba4 d6 5.O-O Bd7 6.c3 g6 7.d4 Bg7 8.Bg5 f6 9.Be3 Nh6
10.dxe5 fxe5 11.c4 Ng4 12.Bg5 Nf6 13.Nc3 h6 14.Be3 Ng4 15.c5 Nxe3 16.fxe3 dxc5
17.Qd5 Qe7 18.Nh4 O-O-O 19.Nxg6 Qg5 20.Qf7 Bh3 21.Rf2 Rhf8 22.Nxf8 Rxf8 23.Qxf8+ Bxf8
24.Rxf8+ Nd8 25.Rf2 b5 26.Bc2 Nf7 27.Kh1 Be6 28.Rf3 Nd6 29.Raf1 Kb7 30.b3 h5
31.Rg3 Qh6 32.h4 c4 33.Nd5 cxb3 34.axb3 Bxd5 35.exd5 e4 36.Rg5 Qh8 37.Bd1 Qc3
38.Rg3 a5 39.Bxh5 Qxb3 40.Bg6 a4 41.h5 a3 42.h6 a2 43.h7 Qc3 44.Rh3 a1=Q
45.Rxa1 Qxa1+ 46.Kh2 Qh8 47.g4 b4 48.Kg3 b3 49.g5 b2 50.Rh1 Kb6 51.Kf4 Kc5  0-1

[Event "Schachbundesliga 2011-12"]
[Site "Essen GER"]
[Date "2011.12.10"]
[Round "6"]
[White "Negi,P"]
[Black "Gajewski,G"]
[Result "1/2-1/2"]
[WhiteElo "2631"]
[BlackElo "2607"]

1.e4 c5 2.Nf3 e6 3.d4 cxd4 4.Nxd4 a6 5.Bd3 Bc5 6.Nb3 Be7 7.O-O d6 8.Qg4 g6
9.Qg3 Nc6 10.c4 Nf6 11.Nc3 O-O 12.Be2 b6 13.Bf4 Qc7 14.Rac1 Bb7 15.Nd5 exd5
16.cxd5 Qd7 17.dxc6 Bxc6 18.e5 Ne4 19.Qe3 Qb7 20.Bf3 dxe5 21.Bxe5 Bg5 22.Bf4 Bxf4
23.Qxf4 Rae8 24.Nd4 Bd5 25.Rc7 Qb8 26.Rfc1 Re7 27.Nf5 gxf5 28.Bxe4 Rxe4 29.Qg5+ Kh8
30.Qf6+ Kg8 31.Qg5+  1/2-1/2

[Event "Schachbundesliga 2011-12"]
[Site "Essen GER"]
[Date "2011.12.11"]
[Round "7"]
[White "Stern,R"]
[Black "Negi,P"]
[Result "1/2-1/2"]
[WhiteElo "2506"]
[BlackElo "2631"]

1.d4 Nf6 2.c4 g6 3.Nc3 d5 4.e3 Bg7 5.Nf3 O-O 6.h3 e6 7.Bd3 a6 8.Bd2 Nbd7
9.b4 c6 10.O-O dxc4 11.Bxc4 Qe7 12.Bb3 e5 13.Qc2 exd4 14.exd4 Nb6 15.Rfe1 Qd6
16.Ne4 Nxe4 17.Qxe4 Bf5 18.Qe7 Nc8 19.Qh4 Nb6 20.Bg5 Nd5 21.Be7 Nxe7 22.Qxe7 Qf4
23.Rad1 b5 24.Re3 Rac8 25.g3 Qb8 26.g4 Rc7 27.Qd6 Bc8 28.Re7 Rb7 29.Qxb8 Rxb8
30.Ne5 Rb7 31.Nxc6 Bf6 32.Rxb7 Bxb7 33.Ne5 Be7 34.Nd7 Rd8 35.Nc5 Bc8 36.d5 a5
37.a3 Kg7 38.Kg2 f5 39.Re1 Bd6 40.gxf5 axb4 41.axb4 Bxf5 42.Ra1 Rc8 43.Ne6+ Bxe6
44.dxe6 Kf6 45.Ra7 Rc7 46.Rxc7  1/2-1/2

[Event "Gibraltar Open"]
[Site "Caleta ENG"]
[Date "2012.01.24"]
[Round "1.22"]
[White "Vojinovic,J"]
[Black "Negi,P"]
[Result "0-1"]
[WhiteElo "2359"]
[BlackElo "2641"]

1.Nf3 d5 2.c4 e6 3.g3 dxc4 4.Qa4+ c6 5.Qxc4 b5 6.Qc2 Bb7 7.Bg2 c5 8.a4 a6
9.axb5 axb5 10.Rxa8 Bxa8 11.Na3 Bc6 12.O-O Bd6 13.Ne1 Bd7 14.d3 Ne7 15.Qb3 Qa5
16.Nf3 O-O 17.Bd2 Qa6 18.Ng5 Nf5 19.Rc1 Nd4 20.Qd1 Be7 21.Ne4 Qb6 22.e3 Ndc6
23.Qb3 f5 24.Nc3 Na5 25.Nc4 Nxb3 26.Nxb6 Nxd2  0-1

[Event "Gibraltar Open"]
[Site "Caleta ENG"]
[Date "2012.01.25"]
[Round "2.18"]
[White "Negi,P"]
[Black "Cramling,P"]
[Result "1/2-1/2"]
[WhiteElo "2641"]
[BlackElo "2491"]

1.e4 c5 2.Nf3 a6 3.c4 e6 4.Nc3 Qc7 5.Be2 b6 6.d4 cxd4 7.Nxd4 Nf6 8.a3 Bb7
9.f3 Be7 10.Be3 d6 11.O-O O-O 12.Qd2 Re8 13.Rac1 Nbd7 14.Rfd1 Rac8 15.b4 Qb8
16.Nb3 Bd8 17.Bf4 Ne5 18.Bxe5 dxe5 19.Kh1 Be7 20.Na4 Bc6 21.Nb2 Red8 22.Qe3 Rxd1+
23.Rxd1 Rd8 24.Rxd8+ Qxd8 25.c5 bxc5 26.bxc5 Nd7 27.Qc3 Qc7 28.h3 g6 29.a4 Qa7
30.Na5 Nb8 31.Nb3 Nd7 32.Na5  1/2-1/2